Every Manchester United Goal Scorer in the 1999/00 Premier League - Statistics

General Stats
  • This quiz has been taken 27 times
  • The average score is 84 of 94
Answer Stats
Game Scorer % Correct
Middlesbrough (H) Beckham
100%
Leicester City (A) Beckham
100%
Bradford City (A) Beckham
100%
West Ham United (H) Beckham
100%
Southampton (A) Beckham
100%
Tottenham Hotspur (H) Beckham
100%
Sheffield Wednesday (H) Scholes
100%
Coventry (A) Scholes
100%
Aston Villa (H) Scholes
100%
Coventry City (H) Scholes
100%
Bradford City (A) Scholes
100%
West Ham United (H) Scholes
100%
West Ham United (H) Scholes
100%
West Ham United (H) Scholes
100%
Middlesbrough (A) Scholes
100%
Newcastle United (H) Giggs
96%
Tottenham Hotspur (A) Giggs
96%
West Ham United (A) Giggs
96%
West Ham United (A) Giggs
96%
Middlesbrough (A) Giggs
96%
Watford (A) Giggs
96%
Arsenal (A) Keane
96%
Arsenal (A) Keane
96%
Aston Villa (H) Keane
96%
Bradford City (H) Keane
96%
Sunderland (A) Keane
96%
Everton (A) Yorke
96%
Sheffield Wednesday (H) Yorke
96%
Leeds United (H) Yorke
96%
Leeds United (H) Yorke
96%
Coventry (A) Yorke
96%
Southampton (H) Yorke
96%
Southampton (H) Yorke
96%
Watford (H) Yorke
96%
West Ham United (A) Yorke
96%
West Ham United (A) Yorke
96%
Bradford City (H) Yorke
96%
Derby County (H) Yorke
96%
Derby County (H) Yorke
96%
Derby County (H) Yorke
96%
Leicester City (A) Yorke
96%
Bradford City (A) Yorke
96%
Bradford City (A) Yorke
96%
Chelsea (H) Yorke
96%
Chelsea (H) Yorke
96%
Watford (A) Yorke
96%
Sheffield Wednesday (H) Cole
92%
Newcastle United (H) Cole
92%
Newcastle United (H) Cole
92%
Newcastle United (H) Cole
92%
Newcastle United (H) Cole
92%
Liverpool (A) Cole
92%
Watford (H) Cole
92%
Watford (H) Cole
92%
Aston Villa (H) Cole
92%
Leicester City (H) Cole
92%
Leicester City (H) Cole
92%
Derby County (A) Cole
92%
Bradford City (H) Cole
92%
Coventry City (H) Cole
92%
Coventry City (H) Cole
92%
Leeds United (A) Cole
92%
Wimbledon (A) Cole
92%
West Ham United (H) Cole
92%
Middlesbrough (A) Cole
92%
Southampton (H) Sheringham
92%
Arsenal (H) Sheringham
92%
Sheffield Wednesday (A) Sheringham
92%
Tottenham Hotspur (H) Sheringham
92%
Aston Villa (A) Sheringham
92%
Watford (H) Irwin
88%
Everton (H) Irwin
88%
West Ham United (H) Irwin
88%
Sheffield Wednesday (H) Solskjaer
88%
Everton (H) Solskjaer
88%
Everton (H) Solskjaer
88%
Everton (H) Solskjaer
88%
Everton (H) Solskjaer
88%
Liverpool (H) Solskjaer
88%
West Ham United (H) Solskjaer
88%
Sunderland (H) Solskjaer
88%
Sunderland (H) Solskjaer
88%
Southampton (A) Solskjaer
88%
Chelsea (H) Solskjaer
88%
Tottenham Hotspur (H) Solskjaer
88%
Derby County (A) Butt
76%
Sunderland (A) Butt
76%
Sunderland (H) Butt
76%
Bradford City (H) Fortune
36%
Middlesbrough (A) Fortune
36%
Sunderland (H) Berg
32%
Wimbledon (H) Cruyff
8%
Wimbledon (A) Cruyff
8%
Watford (A) Cruyff
8%
No matching quizzes found
Score Distribution
Percent of People with Each Score
Percentile by Number Answered
Your Score History
You have not taken this quiz